Pacific Motorway Exits (Queensland) - Statistics

General Stats
  • This quiz has been taken 14 times
    4 since last reset
  • The average score is 5 of 46
Answer Stats
Exit Number Entrances / Exits Destinations Advertised Answer % Correct
EXIT 2 Both South Bank Stanley Street / Vulture Street
100%
N/A Northbound Exit Only N/A Turbot Street
100%
EXIT 54 Both (Modified Parclo Interchange) Coomera, Dreamworld, Whitewater World Abraham Road / Days Road / Foxwell Road
33%
EXIT 4 Northbound Exit, Southbound Entrance Sunshine Coast, Brisbane Airport Clem Jones Tunnel
33%
EXIT 20 Both (Trumpet & Partial Diamond Interchange) Springwood, Underwood Fitzgerald Avenue / Logan Road
33%
EXIT 9 Northbound Exit,Southbound Entrance Tarragindi, Holland Park Gaza Road
33%
N/A Northbound Exit Only N/A Herschel Street
33%
EXIT 11 Northbound Entrance, Southbound Exit N/A Klumpp Road / Mains Road
33%
EXIT 92 Both Palm Beach, Elanora K.P McGrath Drive / Palm Beach Avenue
33%
EXIT 14 Both Mount Gravatt, Ipswich Logan Road
33%
EXIT 8 Northbound Entrance, Southbound Exit) N/A Marshall Road
33%
EXIT 82 Both (Diamond Interchange) Robina Robina Parkway / Somerset Drive
33%
EXIT 30 Both Cleveland Beenleigh Redland Bay Road
0%
EXIT 28 Both Cleveland, Tanah Merah Bryants Road
0%
EXIT 23 Northbound Entrance, Southbound Entrance & Exit Daisy Hill, Logan Central Chatswood Road
0%
EXIT 34 Both (Grade Separated Roundabout Interchange) Beenleigh (North) City Road
0%
EXIT 5 Both N/A Cornwall Street / Juliette Street
0%
N/A Both N/A Elizabeth Street
0%
EXIT 75 Both (Grade Separated Dumbbell Interchange) Worongary Elysium Road
0%
EXIT 16 Northbound Exit, Southbound Entrance (Trumpet Interchange) Sunshine Coast, Brisbane Airport Gateway Motorway
0%
EXIT 62 Both (Modified Trumpet & Parclo Interchange) Helensvale (South) Gold Coast Highway
0%
EXIT 77 Both (Grade Separated Dumbbell Interchange) Merrimac, Broadbeach Gooding Drive / Mudgeeraba Road
0%
EXIT 60 Both Helensvale (North), Movieworld, Wet'n'Wild Helensvale Road
0%
EXIT 57 Both (Diamond Interchange) Oxenford Hope Island Road / Tamborine Oxenford Road
0%
EXIT 38 Both (Dumbbell Interchange) Yatala (North) Jacobs Well Road
0%
EXIT 41 Both Yatala (South) Lahrs Road / Cuthbert Drive
0%
EXIT 24 Both Loganlea, Logan Central Loganlea Road / Paradise Road / Winnetts Road
0%
EXIT 31 Both (Trumpet Interchange) Ipswich, Toowoomba Logan Motorway
0%
EXIT 35 Both (Grade Separated Roundabout Interchange) Beenleigh (South) Main Street
0%
N/A Both N/A Margaret Street
0%
EXIT 45 Both (Dumbbell Interchange) Ormeau, Kingsholme Mirambeena Drive / Eggersdorf Road
0%
EXIT 79 Both (Modified Dumbbell Interchange) Mudgeeraba, Robina Mudgeeraba Road
0%
EXIT 26 Northbound Entrance & Exit, Southbound Entrance & Exit Part of Exit 28 Shailer Park Murrays Road
0%
EXIT 71 Both (Diamond Interchange) Nerang Nerang Broadbeach Road
0%
EXIT 73 Both Nerang (South) Nielsens Road / Alexander Drive
0%
EXIT 85 Both (Modified Trumpet Interchange) Reedy Creek, Burleigh Heads, Varsity Lakes Old Coach Road / Reedy Creek Road / Stapley Drive
0%
EXIT 72 Southbound Exit Only (Formerly Exit 71A) Nerang Pappas Way
0%
EXIT 49 Both (Dumbbell Interchange) Pimpama Pimpama Jacobs Well Road
0%
EXIT 19 Northbound Entrance,Southbound Exit Springwood, Underwood Rochedale Road
0%
EXIT 66 Both (Modified Trumpet & Grade Separated Diamond Interchange) Gaven, Southport, SeaWorld Smith Street Motorway
0%
EXIT 87 Both (Diverging Diamond Interchange) Burleigh Heads, Southport Southport Burleigh Road
0%
EXIT 69 Both (Indirect Northbound Entrance & Exit via Nerang Connection Road) Nerang (North), Surfers Paradise, Hinze Dam Southport Nerang Road
0%
EXIT 95 Both (Diamond Interchange) Currumbin, Tugun, Currumbin Wildlife Sanctuary Stewart Road
0%
EXIT 89 Both Burleigh Heads, Tallebudgera Valley Tallebudgera Creek Road
0%
EXIT 80 Northbound Exit Only Mudgeeraba, Springbrook The Link Way
0%
EXIT 22 Southbound Exit Only N/A Watland Street
0%
No matching quizzes found
Score Distribution
Percent of People with Each Score
Percentile by Number Answered
Your Score History
You have not taken this quiz since the last reset